Französische Verben, 1. Lernjahr - Statistiken

Allgemein
  • Dieses Quiz wurde 243 mal gespielt
  • Das Durchschnittsergebnis liegt bei 22 aus 28
Antwortstatistiken
Französisch Deutsch % Korrekt
aimer mögen
96%
danser tanzen
95%
arriver ankommen
93%
inviter einladen
92%
manger essen
91%
parler sprechen
90%
adorer lieben
89%
chercher suchen
89%
être sein
88%
jouer spielen
88%
préparer vorbereiten
88%
avoir haben
87%
écouter hören
87%
travailler arbeiten
86%
aller gehen
86%
faire machen
86%
chanter singen
86%
habiter wohnen
85%
trouver finden
83%
entrer eintreten
78%
fêter feiern
78%
détester hassen
77%
regarder zusehen
73%
retrouver wiederfinden
62%
commencer anfangen
54%
compter zählen
41%
embrasser küssen
23%
deviner raten
8%
Keine übereinstimmenden Quizze gefunden
Verteilung der Resultate
Anzahl Personen mit jedem Resultat
Perzentil nach korrekt beantworteten Fragen
Ihre Resultats-Entwicklung
Sie haben dieses Quiz noch nicht gespielt